Normal view
MARC view
- Plates (Engineering)
Entry Topical Term
001 - CONTROL NUMBER
- control field: 55156
003 - CONTROL NUMBER IDENTIFIER
- control field: NUST
005 - DATE AND TIME OF LATEST TRANSACTION
- control field: 20210518093525.0
008 - FIXED-LENGTH DATA ELEMENTS
- fixed length control field: 210518|| aca||aabn | a|a d
040 ## - CATALOGING SOURCE
- Original cataloging agency: NUST
- Transcribing agency: NUST
150 ## - HEADING--TOPICAL TERM
- Topical term or geographic name entry element: Plates (Engineering)
- General subdivision: Vibration
670 ## - SOURCE DATA FOUND
- Source citation: Work cat.: (NUST)31697: Soedel, Werner, 1936- 55151, Vibrations of shells and plates /, c1993.
